Prístupy optimálnej kapitálovej štruktúry firmy

Klasický model kapitálovej štruktúry. Členenie najzásadnejších teórií kapitálovej štruktúry. Formulácia optimálnej finančnej štruktúry podniku.

Guardado en:
Detalles Bibliográficos
Autor principal: Jenčová, Sylvia
Otros Autores: Maťovčíková, Daniela
Formato: Capítulo de libro
Lenguaje:eslovaco
Materias:
Etiquetas: Agregar Etiqueta
Sin Etiquetas, Sea el primero en etiquetar este registro!

MARC

LEADER 00000nla a2200000 4500
001 0161912
005 20231121083452.1
041 0 |a slo 
044 |a SK 
245 1 0 |a Prístupy optimálnej kapitálovej štruktúry firmy  |c Sylvia Jenčová, Daniela Maťovčíková 
520 |a Klasický model kapitálovej štruktúry. Členenie najzásadnejších teórií kapitálovej štruktúry. Formulácia optimálnej finančnej štruktúry podniku. 
610 2 0 |a štruktúra kapitálová 
610 2 0 |a teórie ekonomické 
610 2 0 |a štruktúra podniku finančná 
610 2 0 |a štruktúra podniku organizačná 
610 2 0 |a hodnota podniku 
610 2 0 |a hodnota trhová 
100 1 |a Jenčová, Sylvia 
700 1 |a Maťovčíková, Daniela